LEADER 01403nam a2200265 i 4500 001 991000921739707536 008 101028s2008 it a b 000 0dita d 035 $ab13932524-39ule_inst 040 $aDip.to Beni Arti e Storia$bita 100 1 $aUzzani, Giovanna$038756 245 10$aPicasso e il cubismo : Piet Mondrian, Kazimir Malevich, Louis Marcoussis, Albert Léger, Georges Braque, Jean Metzinger, Gino Severini, Robert Delaunay, Henri Laurens, Alexander Archipenko, Marcel Duchamp, Juan Gris /$cGiovanna Uzzani ; catalogo di Eliana Princi 260 $aFirenze :$bE-ducation.it ;$aMilano :$bIl Sole 24 ore,$ccop. 2008 300 $a335 p. :$bin gran parte ill. ;$c32 cm. 440 2$aI grandi maestri dell'arte ;$v48 500 $aIn custodia. 504 $aBibliografia : p. 333-335. 600 14$aPicasso, Pablo,$d1881-1973 650 04$aCubismo. 700 1 $aPrinci, Eliana,$d1965- 907 $a.b13932524$b02-04-14$c28-10-10 912 $a991000921739707536 945 $aLE019 A16 AR M 48$g1$i2019000063623$lle019$op$pE16.90$q-$rl$s- $t0$u1$v0$w1$x0$y.i15190869$z28-10-10 996 $aPicasso e il cubismo : Piet Mondrian, Kazimir Malevich, Louis Marcoussis, Albert Léger, Georges Braque, Jean Metzinger, Gino Severini, Robert Delaunay, Henri Laurens, Alexander Archipenko, Marcel Duchamp, Juan Gris$9250353 997 $aUNISALENTO 998 $ale019$b28-10-10$cm$da $e-$fita$git $h0$i0